<?xml version="1.0" encoding="UTF-8"?>
<marc:record xmlns:marc="http://www.loc.gov/MARC21/slim">
   <marc:leader>00000nam a2200000 a 4500</marc:leader>
   <marc:datafield ind1="1" ind2=" " tag="100">
      <marc:subfield code="a">Emmert, Anne</marc:subfield>
      <marc:subfield code="4">ctb</marc:subfield>
      <marc:subfield code="e">Mitwirkende/-r</marc:subfield>
   </marc:datafield>
   <marc:datafield ind1="1" ind2=" " tag="100">
      <marc:subfield code="a">Wiebel, Johannes</marc:subfield>
      <marc:subfield code="4">ctb</marc:subfield>
      <marc:subfield code="e">Mitwirkende/-r</marc:subfield>
   </marc:datafield>
   <marc:datafield ind1=" " ind2=" " tag="653">
      <marc:subfield code="a">Seekers</marc:subfield>
   </marc:datafield>
   <marc:datafield ind1=" " ind2=" " tag="653">
      <marc:subfield code="a">Abenteuer</marc:subfield>
   </marc:datafield>
   <marc:datafield ind1=" " ind2=" " tag="653">
      <marc:subfield code="a">Bären</marc:subfield>
   </marc:datafield>
   <marc:datafield ind1=" " ind2=" " tag="653">
      <marc:subfield code="a">Tierfantasy</marc:subfield>
   </marc:datafield>
   <marc:datafield ind1=" " ind2=" " tag="653">
      <marc:subfield code="a">Warrior Cats</marc:subfield>
   </marc:datafield>
   <marc:datafield ind1=" " ind2=" " tag="653">
      <marc:subfield code="a">Kassette / Kinder- und Jugendbücher/Jugendbücher ab 12 Jahre</marc:subfield>
   </marc:datafield>
   <marc:datafield ind1=" " ind2=" " tag="653">
      <marc:subfield code="a">CD</marc:subfield>
   </marc:datafield>
   <marc:datafield ind1="0" ind2="0" tag="245">
      <marc:subfield code="a">Seekers</marc:subfield>
   </marc:datafield>
   <marc:datafield ind1="0" ind2="0" tag="245">
      <marc:subfield code="c">Erin Hunter. Gelesen von Nicki v. Tempelhoff. Hörfassung und Regie: Angelika Schaack</marc:subfield>
   </marc:datafield>
   <marc:datafield ind1=" " ind2="1" tag="264">
      <marc:subfield code="a">Weinheim</marc:subfield>
      <marc:subfield code="b">Beltz &amp; Gelberg</marc:subfield>
      <marc:subfield code="c">2013</marc:subfield>
   </marc:datafield>
   <marc:datafield ind1="1" ind2=" " tag="520">
      <marc:subfield code="a">Angaben aus der Verlagsmeldung

Seekers - Die Letzte Große Wildnis : Folge 4, gelesen von Nicki von Tempelhoff, 5 CDs in der Multibox, 6 Std. 10 Min. Seekers, The Last Wilderness / von Erin Hunter

Eiskaltes Entsetzen überschwemmte Ujurak. Seine Flügel hielten ihn kaum noch in der Luft. Endlich war er sich ganz sicher, welchen Zweck seine Reise hatte.

Die Bären sind am Ziel ihrer Träume angekommen. Die Letzte Große Wildnis empfängt sie wie ein Paradies! Alle sind glücklich. Nur Ujurak ist beunruhigt. Er spürt, dass sie ihr Ziel noch nicht erreicht haben. Von Zweifeln getrieben verwandelt er sich und wird dabei schwer verletzt. Die Freunde sehen nur einen Ausweg: Ujurak muss sich in ein Flachgesicht verwandeln, von ihnen kann er vielleicht geheilt werden. Doch dann passiert das Unfassbare: Die Flachgesichter bringen Ujurak weit weg. Lusa, Kallik und Toklo müssen ihren Freund finden, bevor die Flachgesichter sein Geheimnis entdecken ...
</marc:subfield>
   </marc:datafield>
   <marc:datafield ind1=" " ind2=" " tag="020">
      <marc:subfield code="a">9783407811271</marc:subfield>
      <marc:subfield code="9">9783407811271</marc:subfield>
   </marc:datafield>
   <marc:datafield ind1=" " ind2=" " tag="020">
      <marc:subfield code="a">3407811276</marc:subfield>
      <marc:subfield code="9">3407811276</marc:subfield>
   </marc:datafield>
   <marc:datafield ind1=" " ind2=" " tag="041">
      <marc:subfield code="a">ger</marc:subfield>
   </marc:datafield>
   <marc:datafield ind1=" " ind2=" " tag="300">
      <marc:subfield code="a">5 CDs (6 Std. 39 Min.)</marc:subfield>
   </marc:datafield>
</marc:record>
